Statistics for Top 100 Children's Books of All-Time

Click here to take the quiz!

General Stats

  • This quiz has been taken 44 times
  • The average score is 13 of 100

Answer Stats

# Book Author % Correct
1The Cat in the HatDr. Seuss
85%
3The HobbitJ.R.R. Tolkien
76%
69Alice's Adventures in WonderlandLewis Carroll
76%
15Winnie the PoohA.A. Milne
71%
4Charlie and the Chocolate FactoryRoald Dahl
68%
18The Lion, the Witch and the WardrobeC.S. Lewis
56%
61Harry Potter and the Philosopher's StoneJ.K. Rowling
56%
88The Jungle BookRudyard Kipling
46%
86The TwitsRoald Dahl
44%
54Charlotte's WebE.B. White
44%
7The GruffaloJulia Donaldson
44%
21The Very Hungry CaterpillarEric Carle
41%
32Treasure IslandRobert Louis Stevenson
37%
11Watership DownRichard Adams
34%
66The Wind in the WillowsKenneth Grahame
34%
10Noughts & CrossesMalorie Blackman
32%
6Where the Wild Things AreMaurice Sendak
32%
43Pippi LongstockingAstrid Lindgren
32%
42The Little PrinceAntoine de Saint-Exupéry
32%
49How to Train Your DragonCressida Cowell
29%
52101 DalmatiansDodie Smith
22%
2Northern LightsPhilip Pullman
22%
92The Hunger GamesSuzanne Collins
22%
44The Tale of Peter RabbitBeatrix Potter
20%
53The Hitchhiker's Guide to the GalaxyDouglas Adams
17%
56The Secret SevenEnid Blyton
17%
20The Magic Faraway TreeEnid Blyton
15%
19Five Children and ItE Nesbit
15%
64The Tiger Who Came to TeaJudith Kerr
15%
26HolesLouis Sachar
15%
31Danny, the Champion of the WorldRoald Dahl
12%
35DoggerShirley Hughes
12%
72The Curious Incident of the Dog in the Night-timeMark Haddon
10%
58Each Peach Pear PlumJanet Ahlberg / Allan Ahlberg
10%
87The Enormous CrocodileRoald Dahl
10%
28We're Going on a Bear HuntMichael Rosen
10%
8Peepo!Janet Ahlberg / Allan Ahlberg
10%
71A Wrinkle in TimeMadeleine L'Engle
10%
16Stig of the DumpClive King
7%
83Fungus the BogeymanRaymond Briggs
7%
80Lost and FoundOliver Jeffers
7%
22A Little PrincessFrances Hough Burnett
7%
85Just WilliamRichmal Crompton
7%
82The Princess and the PeaLauren Child
5%
93The Iron ManTed Hughes
5%
94The Weirdstone of BrisingamenAlan Garner
5%
29A Monster CallsPatrick Ness
5%
14A Wizard of EarthseaUrsula K. Le Guin
5%
5Emil and the DetectiveErich Kästner
2%
59The Hundred-Mile-an-Hour DogJeremy Strong
2%
77The Graveyard BookNeil Gaiman
2%
73Owl BabiesMartin Waddell
2%
24The Box of DelightsJohn Masefield
2%
97LionboyZizou Corder
2%
12The ArrivalShaun Tan
2%
40The TunnelAnthony Browne
2%
27Harriet the SpyLouise Fitzhugh
2%
30WonderR.J. Palacio
2%
33The Mouse and His ChildRussell Hoban
2%
37The Dark Is RisingSusan Cooper
2%
75A Bear Called PaddingtonMichael Bond
2%
98The Parent AgencyDavid Baddiel
2%
74Just in CaseMeg Rosoff
2%
48The Fox and the StarCoralie Bickford-Smith
2%
89Guess How Much I Love YouSam McBratney
2%
81Mister MagnoliaQuentin Blake
0%
90Here Comes Charlie MoonShirley Hughes
0%
99I Will Not Ever Eat a TomatoLauren Child
0%
79The Incredible Adventures of Professor BranestawmNorman Hunter
0%
78Tiny: The Invisible World of MicrobesNicola Davies
0%
96There Are Cats in This BookViviane Schwarz
0%
95So Much!Trish Cooke
0%
84Asterix in BritainRené Goscinny
0%
91Finding AudreySophie Kinsella
0%
51The ConquerorsDavid McKee
0%
76A Great Big Cuddle: Poems for the Very YoungMichael Rosen
0%
45The Lost Happy EndingsCarol Ann Duffy
0%
9You're a Bad Man, Mr. Gum!Andy Stanton
0%
13The Sword and the StoneT.H. White
0%
17That Rabbit Belongs to Emily BrownCressida Cowell
0%
23Tintin and the Red Sea SharksHergé
0%
25Bunker DiaryKevin Brooks
0%
34Love That DogSharon Creech
0%
36The Secret Diary of Adrian Mole Aged 13¾Sue Townsend
0%
38The Runaway DinnerAllan Ahlberg
0%
39We Are All Born FreeAmnesty International
0%
41The Knife That Killed MeAnthony McGowan
0%
46The EnemyCharlie Higson
0%
70Cherub: The RecruitRobert Muchamore
0%
47Two FrogsChris Wormell
0%
50Heaven EyesDavid Almond
0%
55Mr BigEd Vere
0%
57Little Wolf's Book of BadnessIan Whybrow
0%
60Some Dogs DoJez Alborough
0%
62The Kingdom Under the SeaJoan Aiken
0%
63Werewolf Club RulesJoseph Coelho
0%
65The Princess and the WizardJulia Donaldson
0%
67Who's Afraid of the Big Bad BookLauren Child
0%
68Camille and the SunflowersLaurence Anholt
0%
100Aren't You Lucky?Catherine Anholt
0%

Score Distribution

Percentile by Number Answered

Percent of People with Each Score

Your Score History

You have not taken this quiz